Random City to Country - Statistics

General Stats
  • This quiz has been taken 67 times
  • The average score is 14 of 20
Answer Stats
City Country % Correct
Oran Algeria
100%
Luanda Angola
100%
Darwin Australia
100%
Chittagong Bangladesh
100%
Belém Brazil
100%
Bujumbura Burundi
100%
Edmonton Canada
100%
Guayaquil Ecuador
100%
Aswan Egypt
100%
Tampere Finland
100%
Grenoble France
100%
Stuttgart Germany
100%
Thessaloniki Greece
100%
Conakry Guinea
100%
Pune India
100%
Surabaya Indonesia
100%
Erbil Iraq
100%
Limerick Ireland
100%
Trieste Italy
100%
Abidjan Ivory Coast
100%
Fukuoka Japan
100%
Monrovia Liberia
100%
Benghazi Libya
100%
Esch-sur-Alzette Luxembourg
100%
Ulaanbaatar Mongolia
100%
Maputo Mozambique
100%
Utrecht Netherlands
100%
Christchurch New Zealand
100%
Managua Nicaragua
100%
Niamey Niger
100%
Cuzco Peru
100%
Katowice Poland
100%
Cluj-Napoca Romania
100%
Jeddah Saudi Arabia
100%
Durban South Africa
100%
Zaragoza Spain
100%
Malmö Sweden
100%
Basel Switzerland
100%
Homs Syria
100%
Charleston United States
100%
Boise United States
100%
Maracaibo Venezuela
100%
Cotonou Benin
80%
Graz Austria
75%
Addis Ababa Ethiopia
75%
Kaunas Lithuania
67%
Blantyre Malawi
67%
Stavanger Norway
67%
Liége Belgium
50%
Plovdiv Bulgaria
50%
Ürümqi China
50%
Barranquilla Colombia
50%
Zadar Croatia
50%
Keflavik Iceland
50%
Eilat Israel
50%
Montego Bay Jamaica
50%
Timbuktu Mali
50%
Mérida Mexico
50%
Yangon Myanmar
50%
Davao Philippines
50%
Livingstone Zambia
50%
Lubumbashi Democratic Republic of the Congo
40%
Potosí Bolivia
33%
Bata Equatorial Guinea
33%
Isfahan Iran
33%
Nouahibou Mauritania
33%
Tangier Morocco
33%
Sfax Tunisia
33%
Dundee United Kingdom
33%
Douala Cameroon
25%
Odense Denmark
25%
Lucknow India
25%
Herat Afghanistan
0%
Les Escaldes Andorra
0%
Salta Argentina
0%
Ganja Azerbaijan
0%
Mostar Bosnia and Herzegovina
0%
Recife Brazil
0%
Siem Reap Cambodia
0%
Valparaíso Chile
0%
Chongqing China
0%
Nicosia Cyprus
0%
Goma Democratic Republic of the Congo
0%
Punta Cana Dominican Republic
0%
Tartu Estonia
0%
Libreville Gabon
0%
Batumi Georgia
0%
Kumasi Ghana
0%
San Pedro Sula Honduras
0%
Debrecen Hungary
0%
Debrecen Hungary
0%
Almaty Kazakhstan
0%
Mombasa Kenya
0%
Osh Kyrgyzstan
0%
Vaduz Liechtenstein
0%
Birkirkara Malta
0%
Kotor Montenegro
0%
Ibadan Nigeria
0%
Porto Portugal
0%
Pointe-Noire Republic of Congo
0%
Touba Senegal
0%
Daegu South Korea
0%
Dar es Salaam Tanzania
0%
Chiang Mai Thailand
0%
Batman Turkey
0%
Odessa Ukraine
0%
Dubai United Arab Emirates
0%
Samarkand Uzbekistan
0%
Da Nang Vietnam
0%
Harare Zimbabwe
0%
No matching quizzes found
Score Distribution
Percent of People with Each Score
Percentile by Number Answered
Your Score History
You have not taken this quiz